000 01063nam a2200301 i 4500
003 DO-SdBNP
005 20240625142941.0
007 ta
008 240625b2003 sp ||||| |||| 00| 0 spa d
020 _a8400082087
040 _aDO-SdBNP
_bspa
_cBNPHU
_erda
082 4 _222
100 1 _aGarcía Guerra, Elena María,
_d1966-
_eautor
_985804
245 1 0 _aMoneda y arbitros :
_bconsideraciones del Siglo XVII /
_cElena María García Guerra ; prólogo, Alfredo Alvar Ezquerra
264 _aEspaña :
_bC.S.I.C.,
_c2003.
300 _a283 páginas ;
_c24 cm.
336 _2rdacontent
_atexto
_btxt
337 _2rdamedia
_asin mediación
_bn
338 _2rdacarrier
_avolumen
_bnc
490 _aBiblioteca de Historia
_v52
500 _aIncluye referencias bibliográficas y notas al pie de las páginas
500 _aIncluye datos biográficos de la autora en las solapas
504 _aBibliografía : páginas 269-283
590 _aInventariado, 2024/BT
700 1 _aAlvar Ezquerra, Alfredo,
_eprólogo
_968809
910 _aBtavárez
942 _2ddc
_cLBS1
999 _c56982
_d56982